| 000 | 00456nam a22001697a 4500 | ||
|---|---|---|---|
| 005 | 20230110111112.0 | ||
| 008 | 221221b |||||||| |||| 00| 0 eng d | ||
| 020 | _a9789356220881 | ||
| 041 | _aeng | ||
| 082 | _a343.05-SIN-T | ||
| 100 |
_aSINGHANIA , VINOD K ., AND SINGHANIA , KAPIL _97444 |
||
| 245 | _aTAXMANN'S DIRECT TAXES LAW & PRACTICS | ||
| 260 |
_aNEW DELHI _bTAXMANN PUBLICATION |
||
| 300 | _a583.4;P | ||
| 650 |
_aLAW _95701 |
||
| 942 | _cBK | ||
| 999 |
_c8187 _d8185 |
||